|
|
|
|
| LEADER |
00887pam a22002778a 4500 |
| 001 |
00023277 |
| 005 |
20171026081022.0 |
| 008 |
110616s1993 ||||||Viesd |
| 041 |
0 |
# |
|a Vie
|
| 082 |
1 |
# |
|a 398.9
|b T506NG
|
| 100 |
0 |
# |
|a Chu Xuân Diên
|
| 245 |
0 |
0 |
|a Tục ngữ Việt Nam
|c Chu Xuân Diên, Lương Văn Đang, Phương Tri
|
| 250 |
# |
# |
|a In lần thứ 2
|
| 260 |
# |
# |
|a H.
|b Khoa học xã hội
|c 1993
|
| 300 |
# |
# |
|a 418 tr.
|c 19 cm.
|
| 650 |
# |
7 |
|2 Văn học Việt Nam
|
| 650 |
# |
7 |
|2 Văn học dân gian
|
| 653 |
# |
# |
|a Tục ngữ
|
| 700 |
0 |
# |
|a Lương Văn Đang
|
| 700 |
0 |
# |
|a Phương Tri
|
| 852 |
# |
# |
|b Kho mượn
|j KM.0011578
|
| 852 |
# |
# |
|b Kho đọc
|j KD.0009380
|
| 852 |
# |
# |
|j KD.0009380
|j KM.0011578
|
| 910 |
# |
# |
|a ngọc
|d 16/06/2011
|
| 980 |
# |
# |
|a Trung tâm Học liệu Lê Vũ Hùng, Trường Đại học Đồng Tháp
|